000 00618nam a2200205Ia 4500
003 IN-BaIIA
008 211028s9999 xx 000 0 eng d
020 _a0-521-42486-0
040 _cIIA Library
080 _a524.8
_bPAD
100 _aPadmanabhan, T.
_918451
245 0 _aStructure formation in the universe
_cT. Padmanabhan
260 _aCambridge
_bCambridge University Press
_c1993
300 _axvi, 483p.
650 _aAstronomy and astrophysics thesaurus
650 _aAstrophysics
_9794
650 _aCosmology
650 _aUniverse
_91987
942 _cBK
999 _c10792
_d10792